000 00771nam a22002177a 4500
003 UA-OsUOA
001 88956
007 ta
008 20121023b un ||||| |||| 00| 0 ukr d
100 _aБоосвятська А.
090 _a82
_bБ81
942 _cSA
040 _aUA-OsUOA
_bukr
_cUA-OsUOA
_dUA-OsUOA
245 _aГригорій Сковорода - духовний код української культури. Система уроків української літератури 9 клас
300 _aС.45-61
955 _a0
041 _aukr
080 _a82
773 0 _w88950
_tУкраїнська мова і література в школі
_dК.
_d2012
_g10
650 7 _a82 Література. Літературознавство
_2UDC
999 _c375223
_d375223